| 000 | 01056nam a22003850a 4500 | ||
|---|---|---|---|
| 001 | PT52127 | ||
| 003 | AR-LpoUNG | ||
| 005 | 20210131231455.0 | ||
| 008 | 191001s2002||||xxu|||||||||||||||||eng d | ||
| 020 |
_a1589480325 _c$37 |
||
| 040 |
_aAR-LpoUNG _bspa _cAR-LpoUNG _eaacr |
||
| 041 | _aeng | ||
| 044 | _axxu | ||
| 082 | 0 | _a910.011 3 73pas | |
| 100 | 1 |
_aKnowles, Anne Kelly _eed. |
|
| 245 | 1 | 0 |
_aPast time, past place : _bgis for history |
| 250 | _a1ra. ed. | ||
| 260 |
_aCalifornia : _bEsri, _c2002. |
||
| 300 |
_axx, 202 p. : _bgráfs., fot., mapa |
||
| 650 | 4 | _aANALISIS DE LA INFORMACION | |
| 650 | 4 | _aCIENCIA Y TECNOLOGIA | |
| 650 | 4 | _aCONCEPTOS GEOGRAFICOS | |
| 650 | 4 | _aGEOGRAFIA | |
| 650 | 4 | _aMAPAS | |
| 650 | 4 | _aMETODOS DE INVESTIGACION | |
| 650 | 4 | _aPROCESAMIENTO DE DATOS | |
| 650 | 4 | _aREGIONES GEOGRAFICAS | |
| 650 | 4 | _aSISTEMAS DE INFORMACION GEOGRAFICA | |
| 651 | 4 | _aDOCUMENTOS TEORICOS O METODOLOGICOS | |
| 653 | _aANALISIS ESTRUCTURAL | ||
| 653 | _aGIS | ||
| 653 | _aSIG | ||
| 905 | _a52127 | ||
| 942 | _cLSALA | ||
| 999 |
_c10247 _d10247 |
||